| 000 | 00388nam a22001217a 4500 | ||
|---|---|---|---|
| 999 |
_c9354 _d9354 |
||
| 003 | OSt | ||
| 008 | 201203b ||||| |||| 00| 0 eng d | ||
| 245 | _aIndian Highways | ||
| 250 | _a2018( Jun Vol.46 No.6, Jul Vol.46 No.7, Aug Vol.46 No.8, Sep Vol.46 No.9, Nov Vol.46 No.11, Dec Vol.46 No.12 ) | ||
| 260 |
_aNew Delhi _bIndian Roads Congress |
||
| 650 | _aCivil Engineering | ||
| 942 |
_2ddc _cBV |
||